00995cam a2200277 a 4500001000500000005001700005020001700022040004200039050002000081082001000101100001700111245007800128246001100206250005500217260003700272300005800309490001800367500005600385505000800441520014500449521002000594521002000614650003300634650001200667700003800679283820240116160720.0 a087577910840 aJN4cJN4dBTCTAdIUIdBAKERdDLCbeng00aGV1787.5b 2005 a792.81 aGibbs, Lynne12aA word about ballet /cby Lynn Gibbs ; illustrated by Shelagh McNicholas.30aBallet aFirst Published in Great Britain in 2005 by Brimax aColumbus,bBrighter Child,c2005 a24 unnumbered pages :bcolor illustrations ; c22 cm. aA word about  aOriginally published: Great Britain : Brimax, 2005. aO  aFind out all about ballet, from what it is, to what dancers wear, to what it takes to be part of a professional corps de ballet performance. a600 bLexile  aO bRaz-Plus  0aBalletvJuvenile literature. 1aBallet.1 aMcNicholas, Shelagheillustrator